The complete learn Japanese for adult beginners book (3 in 1) : hiragana, katakana, and kanji : master reading, writing, and speaking Japanese with this simple 3 step process.

Detaylı Bibliyografya
Müşterek Yazar: Worldwide Nomad
Materyal Türü: Kitap
Dil:English
Japanese
Baskı/Yayın Bilgisi: [Place of publication not identified] : Worldwide Nomad, 2023.
Konular:
Classic Catalogue: View this record in Classic Catalogue
LEADER 02502nam a22003137a 4500
001 44768
003 BD-DhAAL
005 20250910150148.0
008 250910t2023 |||||||| |||| 00| 0 eng d
020 |a 9798874305727 
040 |a BD-DhAAL  |c BD-DhAAL 
041 |a eng  |a jpn 
082 |a 495.682421  |2 23 
245 |a The complete learn Japanese for adult beginners book (3 in 1) :  |b hiragana, katakana, and kanji : master reading, writing, and speaking Japanese with this simple 3 step process. 
246 0 8 |a The complete learn Japanese for adult beginners book (3 in 1) 
260 |a [Place of publication not identified] :  |b Worldwide Nomad,  |c 2023. 
300 |a 282 pages ;  |c 28 cm 
505 |a bk. 1. Japanese hiragana, katakana, and kanji workbook for beginners: learn Japanese with essential, easy to understand lessons -- bk. 2. Japanese phrasebook for beginners: learn common phrases in context with explanations for everyday use and travel -- bk. 3. Japanese short stories for language learners: learn and improve your Japanese comprehension and vocabulary through 20 short stories based on Japan's captivating history. 
526 |a CSE  |x Annajiat Alim Rasel Senior Lecturer Department of Computer Science and Engineering BRAC University Course Name : Japanese Language and General for ITEE (JPN 101) 
541 |a Trim Education  |e 44768, 44769 
546 |a In English and Japanese. 
650 |a Japanese language  |x Study and teaching  |x English speakers.  |9 59290 
650 |a Japanese language  |v Textbooks for foreign speakers  |x English.  |9 59285 
710 |a Worldwide Nomad.  |9 59291 
852 |a Ayesha Abed Library  |c General Stacks 
942 |c BK  |2 ddc 
999 |c 47440  |d 47440 
952 |0 0  |1 0  |2 ddc  |4 0  |6 495_682421000000000_COM  |7 0  |9 78089  |a BRACUL  |b BRACUL  |c NEW  |d 2025-09-02  |e Trim Education  |g 6000.00  |l 3  |m 11  |o 495.682421 COM  |p 3010044768  |r 2026-01-31  |s 2025-11-08  |t 1  |v 12000.00  |w 2025-09-02  |y BK  |x Requisitioned by Annajiat Alim Rasel (Senior Lecturer, Department of Computer Science and Engineering, BRAC University) for the course named - 'Japanese Language and General for ITEE (JPN 101)' 
952 |0 0  |1 0  |2 ddc  |4 0  |6 495_682421000000000_COM  |7 0  |9 78090  |a BRACUL  |b BRACUL  |c GEN  |d 2025-09-02  |e Trim Education  |g 6000.00  |l 2  |m 28  |o 495.682421 COM  |p 3010044769  |q 2026-06-02  |r 2026-02-17  |s 2026-02-17  |t 2  |v 12000.00  |w 2025-09-02  |y BK  |x Requisitioned by Annajiat Alim Rasel (Senior Lecturer, Department of Computer Science and Engineering, BRAC University) for the course named - 'Japanese Language and General for ITEE (JPN 101)'